[Event "Detroit op"]
[Site "Detroit"]
[Date "1999.12.18"]
[Round "1"]
[White "Hartsfield, Jonathan"]
[Black "Rucker, Ed"]
[Result "0-1"]
[WhiteElo "868"]
[BlackElo "1081"]
[PlyCount "88"]
[EventDate "1999.12.18"]
[EventType "swiss"]
[EventRounds "6"]
[EventCountry "USA"]
[SourceTitle "EXT 2007"]
[Source "ChessBase"]
[SourceDate "2006.11.23"]
[SourceVersion "1"]
[SourceVersionDate "2006.11.23"]
[SourceQuality "1"]

1. e4 e6 2. Bc4 d5 3. Bd3 Nc6 4. exd5 exd5 5. c4 Nf6 6. Nf3 Bg4 7. Nc3 d4 8. Ne4 Bd6 9. 0-0 0-0 10. c5 Be5 11. Bc4 Nxe4 12. d3 Nf6 13. Bg5 Qe7 14. Re1 Qxc5 15. Bxf6 Bxf6 16. Re4 Ne5 17. Bb3 Rae8 18. Rc1 Qb6 19. h3 Bh5 20. g4 Bg6 21. Nxd4 Bxe4 22. dxe4 Rd8 23. Rc2 Rxd4 24. Qc1 c6 25. Qe3 Rd1+ 26. Kg2 Qxe3 27. fxe3 Rfd8 28. Rf2 R1d2 29. Rxd2 Rxd2+ 30. Kf1 Rxb2 31. Ke1 c5 32. Kd1 c4 33. Ba4 b5 34. Bc2 Rxa2 35. Kc1 Rxc2+ 36. Kxc2 Nd3 37. Kd2 a5 38. Kc2 a4 39. Kb1 a3 40. Ka2 b4 41. e5 Bxe5 42. g5 c3 43. Kb1 b3 44. g6 c2# 0-1

[Event "Detroit op"]
[Site "Detroit"]
[Date "1999.12.18"]
[Round "5"]
[White "Roberas, Thomas"]
[Black "Hartsfield, Jonathan"]
[Result "1-0"]
[WhiteElo "682"]
[BlackElo "868"]
[PlyCount "48"]
[EventDate "1999.12.18"]
[EventType "swiss"]
[EventRounds "6"]
[EventCountry "USA"]
[SourceTitle "EXT 2007"]
[Source "ChessBase"]
[SourceDate "2006.11.23"]
[SourceVersion "1"]
[SourceVersionDate "2006.11.23"]
[SourceQuality "1"]

1. e4 c5 2. Nf3 e6 3. Bc4 d6 4. c3 Nc6 5. d4 b6 6. 0-0 Nf6 7. dxc5 bxc5 8. Re1 a6 9. e5 dxe5 10. Qxd8+ Nxd8 11. Nxe5 Bb7 12. Nd3 Bd6 13. Be3 Nc6 14. Bxc5 Bxc5 15. Nxc5 Bc8 16. Nd2 0-0 17. Rad1 Re8 18. b4 Rd8 19. Nf3 Re8 20. b5 axb5 21. Bxb5 Ra5 22. Bxc6 Re7 23. Rd8+ Re8 24. Bxe8 h6 1-0